Applying the Roper- Logan- Tierney model in practice / (Record no. 5846)

MARC details
000 -LEADER
fixed length control field 00602nam a22001937a 4500
003 - CONTROL NUMBER IDENTIFIER
control field OSt
005 - DATE AND TIME OF LATEST TRANSACTION
control field 20170921160509.0
008 - FIXED-LENGTH DATA ELEMENTS--GENERAL INFORMATION
fixed length control field 170921b xxu||||| |||| 00| 0 eng d
020 ## - INTERNATIONAL STANDARD BOOK NUMBER
International Standard Book Number 9780443071577
040 ## - CATALOGING SOURCE
Transcribing agency 040a
082 ## - DEWEY DECIMAL CLASSIFICATION NUMBER
Classification number WY 195
Item number M72k 2003
245 ## - TITLE STATEMENT
Title Applying the Roper- Logan- Tierney model in practice /
Statement of responsibility, etc. Karen Holland...{etal}
260 ## - PUBLICATION, DISTRIBUTION, ETC. (IMPRINT)
Place of publication, distribution, etc. Ecinburgh
Name of publisher, distributor, etc. Elsevier Churchill Livingstone
Date of publication, distribution, etc. 2003
300 ## - PHYSICAL DESCRIPTION
Extent x, 464p;
Other physical details Col.ill :
Dimensions 22 cm.
504 ## - BIBLIOGRAPHY, ETC. NOTE
Bibliography, etc Includes bibliographic references and index
650 ## - SUBJECT ADDED ENTRY--TOPICAL TERM
Topical term or geographic name as entry element Nursing
9 (RLIN) 135
700 ## - ADDED ENTRY--PERSONAL NAME
Personal name Holland, Karen...{etal}
9 (RLIN) 11713
942 ## - ADDED ENTRY ELEMENTS (KOHA)
Source of classification or shelving scheme Other/Generic Classification Scheme
Koha item type Open Shelf
Holdings
Withdrawn status Lost status Source of classification or shelving scheme Damaged status Not for loan Home library Current library Date acquired Source of acquisition Inventory number Total Checkouts Full call number Barcode Date last seen Price effective from Koha item type
    Other/Generic Classification Scheme     MUST Main Library MUST Main Library 21/09/2017   2010/32316   WY 195 M72k 2003 2017-0844 21/09/2017 21/09/2017 Open Shelf